000 00858nam a2200229Ia 4500
003 Ost
005 20260507075135.0
008 260507s9999||||xx |||||||||||||| ||und||
040 _cfsecg
041 _aara
082 _a330
100 _eمؤلف
245 0 _aالإستثمارات في ظل العولمة :
_bتطوير الإدارة العربية لجذب الإستثمار /
260 _aالقاهرة:
_bالمنظمة العربية للتنمية الإدارية,
_c2006
300 _a252 صفحة؛
_bإيضاحات ؛
_c29 سم
520 _aالإستثمار في ظل العولمة- الإستثمارات العربية- الإستثمار الأجنبي- تطوير الإدارة.
653 _aالإدارة
653 _aالإستثمار
653 _aالتمويل
653 _aالعولمة
942 _cكتاب
999 _c43254
_d43254